| 000 | 00583nam a2200229 a 4500 | ||
|---|---|---|---|
| 001 | 0001-1395 | ||
| 003 | ELIB.Books | ||
| 008 | 160727 2010 eng | ||
| 020 | _a0835809757 | ||
| 035 | _a(ELIB.Books)0001-1550 | ||
| 092 |
_a248.8 _bBas |
||
| 100 | _aBass, Dorothy C. | ||
| 245 |
_aWay to Live: _bChristian Practices for Teens |
||
| 260 |
_aNashville _bUpper Room Books _c2002 |
||
| 300 |
_a310 _c23 Cm |
||
| 650 | _aChristian Life | ||
| 856 |
_nKBTS Library _uKBTS: ELIB |
||
| 942 |
_2ddc _cBK |
||
| 990 | _a1 | ||
| 998 |
_cbat _e2016-07-27 |
||
| 999 |
_c11395 _d11395 |
||